<?xml version="1.0" encoding="UTF-8"?><?xml-stylesheet type="text/xsl" href="static/style.xsl"?><OAI-PMH xmlns="http://www.openarchives.org/OAI/2.0/" xmlns:xsi="http://www.w3.org/2001/XMLSchema-instance" xsi:schemaLocation="http://www.openarchives.org/OAI/2.0/ http://www.openarchives.org/OAI/2.0/OAI-PMH.xsd"><responseDate>2026-04-28T19:49:42Z</responseDate><request verb="GetRecord" identifier="oai:uvadoc.uva.es:10324/41013" metadataPrefix="marc">https://uvadoc.uva.es/oai/request</request><GetRecord><record><header><identifier>oai:uvadoc.uva.es:10324/41013</identifier><datestamp>2025-02-05T13:09:27Z</datestamp><setSpec>com_10324_27504</setSpec><setSpec>com_10324_954</setSpec><setSpec>com_10324_894</setSpec><setSpec>col_10324_27505</setSpec></header><metadata><record xmlns="http://www.loc.gov/MARC21/slim" xmlns:doc="http://www.lyncode.com/xoai" xmlns:xsi="http://www.w3.org/2001/XMLSchema-instance" xmlns:dcterms="http://purl.org/dc/terms/" xsi:schemaLocation="http://www.loc.gov/MARC21/slim http://www.loc.gov/standards/marcxml/schema/MARC21slim.xsd">
<leader>00925njm 22002777a 4500</leader>
<datafield tag="042" ind1=" " ind2=" ">
<subfield code="a">dc</subfield>
</datafield>
<datafield tag="720" ind1=" " ind2=" ">
<subfield code="a">Corrales Astorgano, Mario</subfield>
<subfield code="e">author</subfield>
</datafield>
<datafield tag="720" ind1=" " ind2=" ">
<subfield code="a">Martínez Castilla, Pastora</subfield>
<subfield code="e">author</subfield>
</datafield>
<datafield tag="720" ind1=" " ind2=" ">
<subfield code="a">Escudero Mancebo, David</subfield>
<subfield code="e">author</subfield>
</datafield>
<datafield tag="720" ind1=" " ind2=" ">
<subfield code="a">Aguilar Cuevas, Lourdes</subfield>
<subfield code="e">author</subfield>
</datafield>
<datafield tag="720" ind1=" " ind2=" ">
<subfield code="a">González Ferreras, César</subfield>
<subfield code="e">author</subfield>
</datafield>
<datafield tag="720" ind1=" " ind2=" ">
<subfield code="a">Cardeñoso Payo, Valentín</subfield>
<subfield code="e">author</subfield>
</datafield>
<datafield tag="260" ind1=" " ind2=" ">
<subfield code="c">2019</subfield>
</datafield>
<datafield tag="520" ind1=" " ind2=" ">
<subfield code="a">Prosody is a fundamental speech element responsible for communicative functions such as intonation, accent and phrasing, and prosodic impairments of individuals with intellectual disabilities reduce their communication skills. Yet, technological resources have paid little attention to prosody. This study aims to develop an automatic classifier to predict the prosodic quality of utterances produced by individuals with Down syndrome, and to analyse how inter-individual heterogeneity affects assessment results. A therapist and an expert in prosody judged the prosodic appropriateness of a corpus of Down syndrome’ utterances collected through a video game. The judgments of the expert were used to train an automatic classifier that predicts prosodic quality by using a set of fundamental frequency, duration and intensity features. The classifier accuracy was 79.3% and its true positive rate 89.9%. We analyzed how informative each of the features was for the assessment and studied relationships between participants’ developmental level and results: interspeaker variability conditioned the relative weight of prosodic features for automatic classification and participants’ developmental level was related to the prosodic quality of their productions. Therefore, since speaker variability is an intrinsic feature of individuals with Down syndrome, it should be considered to attain an effective automatic prosodic assessment system.</subfield>
</datafield>
<datafield tag="024" ind2=" " ind1="8">
<subfield code="a">Applied Sciences, 2019, vol. 9, n. 7. 17 p.</subfield>
</datafield>
<datafield tag="024" ind2=" " ind1="8">
<subfield code="a">2076-3417</subfield>
</datafield>
<datafield tag="024" ind2=" " ind1="8">
<subfield code="a">http://uvadoc.uva.es/handle/10324/41013</subfield>
</datafield>
<datafield tag="024" ind2=" " ind1="8">
<subfield code="a">10.3390/app9071440</subfield>
</datafield>
<datafield tag="245" ind1="0" ind2="0">
<subfield code="a">Automatic assessment of prosodic quality in Down syndrome: Analysis of the impact of speaker heterogeneity</subfield>
</datafield>
</record></metadata></record></GetRecord></OAI-PMH>